Introduction to quaternary geology
The study leads to the reconstruction of the history of the geological environment, while the study of plant and animal remains leads to the reconstruction of history of vegetation, flora amd fama.
Zapisane w:
| organizacja autorów: | , |
|---|---|
| Format: | Książka |
| Język: | Undetermined |
| Wydane: |
Thailand
Chulalongkorn University
1984
|
| Hasła przedmiotowe: | |
| Etykiety: |
Dodaj etykietę
Nie ma etykietki, Dołącz pierwszą etykiete!
|
| Thư viện lưu trữ: | Trung tâm Học liệu Trường Đại học Cần Thơ |
|---|
| LEADER | 00796nam a2200205Ia 4500 | ||
|---|---|---|---|
| 001 | CTU_143623 | ||
| 008 | 210402s9999 xx 000 0 und d | ||
| 082 | |a 551.4109 | ||
| 082 | |b C559/Vol.2 | ||
| 110 | |a Chulalongkorn University | ||
| 110 | |b Department of geology | ||
| 245 | 0 | |a Introduction to quaternary geology | |
| 245 | 0 | |c Edited by Narong Thiramongkol | |
| 260 | |a Thailand | ||
| 260 | |b Chulalongkorn University | ||
| 260 | |c 1984 | ||
| 520 | |a The study leads to the reconstruction of the history of the geological environment, while the study of plant and animal remains leads to the reconstruction of history of vegetation, flora amd fama. | ||
| 650 | |a Quaternary geology,Geomorphology | ||
| 904 | |i Trọng Hiếu | ||
| 980 | |a Trung tâm Học liệu Trường Đại học Cần Thơ | ||